Exercicios espirituales para todas las festividades de los sanctos / compuesto por el P. M. Fray Pedro de Valderrama de la orden de N. P. S. Augustin natural de la ciudad de Sevilla

Detalles Bibliográficos
Autor principal: Valderrama, Pedro de, O. S. A., 1550-1611
Formato: Libro
Lenguaje:Spanish
Publicado: impressso en Sevilla : [por Francisco Perez], 1604.
Materias:
Colección:Banco de datos
Acervo:Fondo Bibliográfico Antiguo del Archivo Municipal de Orizaba
Descripción Física:[5], 448 h. ; 4°
Tema general:Ascética
Notas:Portada heráldica en grabado calcográfico. Texto a dos columnas con paginación en números arábigos y apostillas marginales.Colofón: En Sevilla por Francisco Perez, año de 1605. Incluye letras capitulares con motivos florales en grabado xilográfico. Encuadernación en pergamino. Marca de fuego: Oratorio de San Felipe Neri de Orizaba, Veracruz. Sello en tinta del Archivo Municipal de Orizaba, Veracruz. Daños de humedad, polilla y en la encuadernación, cubierta desprendida
LEADER 01172nam a22001810004500
035 |a 418 
041 0 |a spa 
100 1 |a Valderrama, Pedro de, O. S. A., 1550-1611 
245 1 0 |a Exercicios espirituales para todas las festividades de los sanctos / compuesto por el P. M. Fray Pedro de Valderrama de la orden de N. P. S. Augustin natural de la ciudad de Sevilla  
260 |a impressso en Sevilla : [por Francisco Perez], 1604. 
300 |a [5], 448 h. ; 4° 
500 |a Portada heráldica en grabado calcográfico. Texto a dos columnas con paginación en números arábigos y apostillas marginales.Colofón: En Sevilla por Francisco Perez, año de 1605. Incluye letras capitulares con motivos florales en grabado xilográfico. Encuadernación en pergamino. Marca de fuego: Oratorio de San Felipe Neri de Orizaba, Veracruz. Sello en tinta del Archivo Municipal de Orizaba, Veracruz. Daños de humedad, polilla y en la encuadernación, cubierta desprendida 
504 |a Al inicio de la obra está el índice manuscrito  
650 1 0 |a Ascética 
949 |a 91 
942 |c ORIZABA 
943 |g Fondo Bibliográfico Antiguo del Archivo Municipal de Orizaba 
999 |c 1102368  |d 1102368